Prak swadhinkalar Bharatbarshar shikshabybastha/ (Record no. 11313)

MARC details
000 -LEADER
fixed length control field 00699nam a22002297a 4500
005 - DATE AND TIME OF LATEST TRANSACTION
control field 20220930131030.0
008 - FIXED-LENGTH DATA ELEMENTS--GENERAL INFORMATION
fixed length control field 220531b ||||| |||| 00| 0 eng d
020 ## - INTERNATIONAL STANDARD BOOK NUMBER
International Standard Book Number 9789394095083
040 ## - CATALOGING SOURCE
Original cataloging agency IN-DiNC
Transcribing agency IN-DiNC
041 ## - LANGUAGE CODE
Language code of sung or spoken text Assamese
082 ## - DEWEY DECIMAL CLASSIFICATION NUMBER
Classification number 370.54
Item number PRA
245 ## - TITLE STATEMENT
Title Prak swadhinkalar Bharatbarshar shikshabybastha/
Statement of responsibility, etc. by Daisy Rani Chutia and others
250 ## - EDITION STATEMENT
Edition statement 1st ed.
260 ## - PUBLICATION, DISTRIBUTION, ETC.
Place of publication, distribution, etc. Dibrugarh:
Name of publisher, distributor, etc. Mahaveer publications,
Date of publication, distribution, etc. 2022.
300 ## - PHYSICAL DESCRIPTION
Extent 219p.
650 ## - SUBJECT ADDED ENTRY--TOPICAL TERM
Topical term or geographic name entry element Education in pre independant India
700 ## - ADDED ENTRY--PERSONAL NAME
Personal name Hatibaruah, Monsoon
Relator term Author
700 ## - ADDED ENTRY--PERSONAL NAME
Personal name Chutia, Daisy Rani
Relator term Author
700 ## - ADDED ENTRY--PERSONAL NAME
Personal name Borchetia, Bidisha
Relator term Author
700 ## - ADDED ENTRY--PERSONAL NAME
Personal name Borah, Gitanjali
Relator term Author
942 ## - ADDED ENTRY ELEMENTS (KOHA)
Source of classification or shelving scheme Dewey Decimal Classification
Koha item type Books
Holdings
Withdrawn status Lost status Source of classification or shelving scheme Damaged status Not for loan Collection code Home library Current library Shelving location Date acquired Cost, normal purchase price Total Checkouts Full call number Barcode Date last seen Date last checked out Copy number Price effective from Koha item type
    Dewey Decimal Classification     Education Central Library, Naharkatiya College Central Library, Naharkatiya College General Stacks 31/05/2022 220.00 6 370.54 PRA 28874 03/04/2024 13/03/2024 1 31/05/2022 Books
    Dewey Decimal Classification     Education Central Library, Naharkatiya College Central Library, Naharkatiya College General Stacks 31/05/2022 220.00 1 370.54 PRA 28875 10/02/2024 10/01/2024 2 31/05/2022 Books
    Dewey Decimal Classification     Education Central Library, Naharkatiya College Central Library, Naharkatiya College General Stacks 31/05/2022 220.00 15 370.54 PRA 28876 20/08/2025 18/08/2025 3 31/05/2022 Books

Naharkatiya College © 2020. All rights reserved.

Powered By